000 01226cam a22002771i 4500
003 SA_RiAUC
005 20250813041245.0
008 250810s2008____su g 000 0 ara c
020 _a9789960991313
040 _aSA-JeALM
_bara
_cSA-RiAUC
_erda
082 0 4 _a410.2
_qSA-RiAUC
090 _a410.2
_bن ح و
100 1 _aالنحوي، عدنان علي رضا محمد،
_d1346-1436 هجري
_eمؤلف.
245 1 2 _aاللغة العربية بين مكر الأعداء وجفاء الأبناء /
_cعدنان بن علي رضا بن محمد النحوي.
250 _aالطبعة الأولى.
264 1 _aالرياض :
_bدار النحوي للنشر والتوزيع،
_c2008.
300 _a147 صفحة ؛
_c24 سم.
336 _aنص
_btxt
_2rdacontent
_3كتاب
337 _aبدون وسيط
_bn
_2rdamedia
338 _aمجلد
_bnc
_2rdacarrier
490 0 _aإلى لقاء المؤمنين وبناء الجيل المؤمن
500 _aإهداء من المؤلف عدنان بن علي رضا بن محمد النحوي بتاريخ 1428/11/29 هـ
650 7 _aاللغة العربية
_vمتفرقات
_2aucsh
942 _2ddc
_cBOOK
_n0
949 _aSA-JeALM
_d250810
_umohamedma123
_n1
999 _c10768
_d10768